LEADER 00955nam0-2200313---450- 001 990009426070403321 005 20110916123609.0 035 $a000942607 035 $aFED01000942607 035 $a(Aleph)000942607FED01 035 $a000942607 100 $a20110916d1871----km-y0itay50------ba 101 0 $afre 102 $aFR 105 $a--------001yy 200 1 $aAnatomie des animaux domestiques$fpar Frederic A. Leyh$gtraduit de l'allemand sur la 2. ed. par Auguste Zundel$gavec additions et notes par Saint-Yves Menard 210 $aParis$cAsselin$d1871 215 $axxxvi, 596 p.$cill.$d22 cm 610 0 $aAnatomia animale 676 $a591.4 700 1$aLeyh,$bFriedrich A.$0512609 801 0$aIT$bUNINA$gRICA$2UNIMARC 901 $aBK 912 $a990009426070403321 952 $aIIIc C 83$b596$fDMVSF 952 $aIIIc C 84$b1491$fDMVSF 959 $aDMVSF 996 $aAnatomie des animaux domestiques$9760019 997 $aUNINA